| 000 | 00521nam a2200205Ia 4500 | ||
|---|---|---|---|
| 005 | 20260429112108.0 | ||
| 008 | 260429s9999||||xx |||||||||||||| ||und|| | ||
| 020 | _a9781319545147 | ||
| 041 | _aEnglish | ||
| 082 |
_a150 _bMYE |
||
| 100 | _aMyers, David G. | ||
| 245 | 0 |
_aPsychology / _cDavid G. Myers |
|
| 250 | _a14th ed. | ||
| 260 |
_aNew York : _bWorth Publishers, _c2024. |
||
| 300 | _axxxviii, 750 p.; pbk | ||
| 650 | _aPsychology | ||
| 700 | _a DeWall, C. Nathan | ||
| 700 | _a Gruber, June | ||
| 942 | _cTB | ||
| 999 |
_c52321 _d52321 |
||